000 00648nam a22001937a 4500
008 160629b xxu||||| |||| 00| 0 eng d
020 _a047001489X
020 _a9780470014899
082 _22006
_aDC 332.1015
_bC83m
100 _910713
_aCox, Dennis
245 _aThe mathematics of banking and finance/
_cDennis Cox and Michael Cox.
260 _aEngland:
_bJohn Wiley & Sons Ltd,
_cc2006.
300 _axiv, 295 pages:
_billustrations;
_c27 cm.
500 _aIncludes appendix and index.
650 0 _910714
_aBusiness mathematics
650 0 _910715
_aBanks and banking
_xMathematics
700 _910716
_aCox, Michael
_eAuthor
942 _2ddc
_cDC
999 _c3206
_d3206